00496nmm a2200157Ia 4500008004100000020001800041041000800059100003100067245006700098264006600165300001800231650001400249856005100263942000700314999001700321251105s9999||||xx |||||||||||||||||und|| a9788490645635 aspa aMartínez Baró, Jesús 0aLa pobreza en Barcelona en los años del Big crap (2008-2014) a[Madrid, España] :bUniversitat Oberta de Catalunya, c2015 a226 páginas aSociology uhttps://public.digitaliapublishing.com/a/37973 cCF c87728d87728